Sčítanie obyvateľov, domov a bytov 2001 bývajúce obyvateľstvo ekonomicky aktívne podľa spoločenskej skupiny a najvyššieho skončeného stupňa školského vzdelania za SR, kraje a okresy
Enregistré dans:
| Format: | Livre |
|---|---|
| Langue: | slovaque |
| Publié: |
Bratislava
Štatistický úrad Slovenskej republiky
2002
|
| Sujets: | |
| Tags: |
Pas de tags, Soyez le premier à ajouter un tag!
|
MARC
| LEADER | 00000nam a2200000 4500 | ||
|---|---|---|---|
| 001 | c140411 | ||
| 005 | 20251104082244.5 | ||
| 041 | 0 | |a slo | |
| 044 | |a SK | ||
| 245 | 1 | 0 | |a Sčítanie obyvateľov, domov a bytov 2001 |b bývajúce obyvateľstvo ekonomicky aktívne podľa spoločenskej skupiny a najvyššieho skončeného stupňa školského vzdelania za SR, kraje a okresy |
| 264 | 1 | |a Bratislava |b Štatistický úrad Slovenskej republiky |c 2002 | |
| 300 | |a 177 s. | ||
| 610 | 2 | 0 | |a Slovensko |
| 610 | 2 | 0 | |a sčítanie ľudu |
| 610 | 2 | 0 | |a vzdelanie |
| 610 | 2 | 0 | |a obyvateľstvo |
| 610 | 2 | 0 | |a byty |
| 610 | 2 | 0 | |a obyvateľstvo aktívne |
| 610 | 2 | 0 | |a skupiny sociálne |